00434 aa a2200169 450000500170000000800410001701000140005802000150007202000170008703500130010408200140011710000180013124500470014926000410019626000090023730000180024620090822160230.0081021t xxu||||| |||| 00| 0 eng d aENG-84568 a8189000969 c200.00 (pbk) aEN-68101 a337 / SAC aSachdeva, N K aInternational economics /cby N K Sachdeva aNew DelhibVishvabharti Publications c2007 avi,424pc22cm